000 00761nam a2200253Ia 4500
003 OSt
005 20220923212502.0
006 a|||||r|||| 00| 0
007 ta
008 220922b |||||||| |||| 00| 0 hin d
024 _a153,452
037 _cTextual
040 _aARTS
_cARTS
_bhin
041 _2hin
_ahin
082 _aO15x, 152M2
100 _aसनातन, रा0 नि0
245 0 _aसूक्ति सरिता
246 _aSūkti saritā
260 _aदिल्ली
_b लखनपाल प्रकाशन
_c1982
300 _a88 पृ.
_ccm.
650 _aसंस्कृत साहित्य
942 _hO15x, 152M2
_cTEXL
_2CC
999 _c309096
_d309096